| 000 | 00859nam a22002417a 4500 | ||
|---|---|---|---|
| 003 | OSt | ||
| 005 | 20210419081633.0 | ||
| 008 | 201120s2007 ||||| |||| 00| 0 spa d | ||
| 020 | _a9788497783019 | ||
| 040 |
_aspa _beng _cDLC |
||
| 041 | _aspa | ||
| 080 |
_a811.134.2 _bL-85 |
||
| 100 |
_9204 _aLobato, Sanchez Jesus |
||
| 245 |
_aNuevo Espanol 2000 / New Spanish _b: Cuaderno de Ejercicios / Workbook , Nivel Elemental / elementary _c/ by: Sociedad General Espanola de Libreria / Sociedad General Spanish Library |
||
| 250 | _a5th edition | ||
| 260 |
_aMadrid _bSociedad General Espanola de Libreria / Sociedad General Spanish Library _c2007 |
||
| 300 |
_a67 p. _bill |
||
| 650 | 0 |
_9202 _aSpanish Language |
|
| 653 | _aესპანური ენა | ||
| 700 |
_9205 _aFernandez, Garcia Nieves |
||
| 700 |
_9206 _aBlanco, Gomis Pedro |
||
| 942 |
_2udc _cBK |
||
| 999 |
_c322 _d322 |
||